| 000 | 00847nam a22002177a 4500 | ||
|---|---|---|---|
| 005 | 20240530110546.0 | ||
| 008 | 160103s2010 ua g 000 0 ara d | ||
| 040 | _aEG-CaGPL | ||
| 082 | 0 | 4 |
_221 _a509\ _bج ت |
| 100 | 1 | _aهلوت ، ب. م . | |
| 245 | 1 | 0 |
_aتاريخ كيمبردج للاسلام المجتمع و الحضارة الاسلامية / _cتحرير ب. م هلوت ، ان ك. س لامبتون ، برنارد لويس . |
| 250 | _aط1. | ||
| 260 |
_aالاسكندرية : _bالمكتب الجامعى الحديث ، _c2010. |
||
| 300 |
_a179 ص ؛ _c24 سم . |
||
| 650 | 0 | 4 | _aالحضارة العربية . |
| 650 | 0 | 4 | _aالحضارة الاسلامية . |
| 650 | 0 | 4 | _aالعلماء العرب . |
| 650 | 0 | 4 | _aالعلوم عند العرب . |
| 942 |
_2ddc _cBK |
||
| 999 |
_c62351 _d62351 |
||